Identifying gaps in conservation networks: of indicators and uncertainty in geographic-based analyses (Registro nro. 11953)

Detalles MARC
000 -CABECERA
Campo de control 006560000a22001930004500
090 ## - CLASIFICACIÓN LOCAL
Colección AR
Consecutivo 02893
041 0# - IDIOMA
Código de idioma para texto/pista de sonido o título separado
100 1# - ASIENTO PRINCIPAL--NOMBRE PERSONAL
Nombre personal Flather, Curtis H.
245 10 - MENCION DE TITULO
Título Identifying gaps in conservation networks: of indicators and uncertainty in geographic-based analyses
650 14 - ASIENTO SECUNDARIO DE MATERIA - TERMINO TEMATICO
Término temático o nombre geográfico como elemento de entrada Mapas de biodiversidad
650 14 - ASIENTO SECUNDARIO DE MATERIA - TERMINO TEMATICO
Término temático o nombre geográfico como elemento de entrada Análisis geográfico
650 14 - ASIENTO SECUNDARIO DE MATERIA - TERMINO TEMATICO
Término temático o nombre geográfico como elemento de entrada Conservación
650 14 - ASIENTO SECUNDARIO DE MATERIA - TERMINO TEMATICO
Término temático o nombre geográfico como elemento de entrada Ecología
650 14 - ASIENTO SECUNDARIO DE MATERIA - TERMINO TEMATICO
Término temático o nombre geográfico como elemento de entrada Selección de áreas protegidas
700 1# - ASIENTO SECUNDARIO - NOMBRE PERSONAL
Nombre personal Wilson, Kenneth R.
700 1# - ASIENTO SECUNDARIO - NOMBRE PERSONAL
Nombre personal McComb, William C.
773 1# - Item fuente:
Título Ecological Applications
Especificación de materiales 153
Descripción física 2
Paginas del Articulo 531-542
Lugar, editorial y fecha de publicación 1997
Información sobre la relación 7
942 ## - ELEMENTOS ADICIONALES (KOHA)
Tipo de ítem Artículo
Existencias
Withdrawn status Lost status Damaged status No para préstamo Colección Ubicación Permanente Ubicación actual Fecha de adquisición Fuente de Valor Datos de publicación Seriada Total Checkouts Número topográfico Inventario / Código de Barras Date last seen Ejemplar Price effective from Forma de adquisición Tipo de material
      No para Préstamo Hemeroteca Bogotá Bogotá 27/02/2015 Franco, Ana María Fuera de circulación   AR 02893 013302 25/03/2015 1 25/03/2015   Artículo